Loading...
| Fine Arts - Visual | 0 | 3 | 0 | 0 | 30 | 108 | 118.67 | 0 | 1 | 3.91 | 20.61 |
| Religion | 0 | 3 | 0 | 0 | 30 | 39 | 63.67 | 2 | 2 | 15.27 | 22.75 |
| Science - Chemistry | 0 | 3 | 1 | 1 | 25 | 53 | 99.67 | 0 | 1 | 5.46 | 11.73 |
| Fine Arts - Classical Music | 0 | 2 | 0 | 2 | 20 | 114 | 125.50 | 0 | 0 | 0.73 | 2.00 |
| Fine Arts - Other | 0 | 2 | 0 | 0 | 20 | 46 | 74.00 | 0 | 1 | 9.07 | 19.00 |
| Science - Biology | 0 | 2 | 1 | 0 | 15 | 83 | 94.50 | 1 | 1 | 4.32 | 14.00 |
| Literature - British | 0 | 1 | 0 | 0 | 10 | 85 | 85.00 | 0 | 1 | 3.31 | 6.25 |
| Pop Culture | 0 | 1 | 0 | 0 | 10 | 47 | 47.00 | 0 | 1 | 21.55 | 25.93 |
| Literature - American | 0 | 1 | 0 | 0 | 10 | 145 | 145.00 | 0 | 0 | -0.21 | 2.00 |
| Philosophy | 0 | 1 | 1 | 0 | 5 | 89 | 89.00 | 0 | 0 | 2.26 | 5.45 |
| History - American | 0 | 1 | 1 | 0 | 5 | 28 | 28.00 | 1 | 1 | 7.81 | 10.00 |
| Social Science | 0 | 0 | 0 | 0 | 0 | 0.00 | 0 | 0 | 0.00 | 0.00 |